Statystyki dla Warszawska Linia Średnicowa- S1 (przystanki)

Kliknij tutaj aby rozwiązać quiz!

Ogólne statystyki

  • Ten quiz został rozwiązany 56 razy
  • Średni wynik to 10 z 23

Statystyki odpowiedzi

Dzielnica/miastoNazwa stacji% Poprawnych
OtwockOtwock
97%
JózefówJózefów
90%
OtwockŚwider
82%
JózefówMichalin
67%
PiastówPiastów
54%
PruszkówPruszków
54%
WawerW-wa Anin
36%
WawerW-wa Falenica
36%
WawerW-wa Miedzeszyn
36%
WawerW-wa Międzylesie
36%
OchotaW-wa Ochota
36%
Praga PołudnieW-wa Olszynka Grochowska
36%
ŚródmieścieW-wa Powiśle
36%
WawerW-wa Radość
36%
ŚródmieścieW-wa Śródmieście
36%
Praga PółnocW-wa Stadion
36%
UrsusW-wa Ursus
36%
UrsusW-wa Ursus-Niedźwiadek
36%
WłochyW-wa Włochy
36%
Praga PółnocW-wa Wschodnia
36%
OchotaW-wa Zachodnia
36%
Praga PołudnieW-wa Gocławek
33%
WawerW-wa Wawer
33%

Rozkład punktacji

Percentyl według liczby udzielonych odpowiedzi

Procent ludzi z każdym wynikiem

Twoja historia wyników

Nie rozwiązałeś tego quizu